00349nam a2200121Ia 4500008004100000020001800041041000800059100002200067245008200089260002900171300000800200999001900208230822s2008 xx 000 0 und d a9780000000000 aeng aMCDONALD ROXANNA. aINTRODUCTION TO NATURAL AND MAN-MADE DISASTER AND THEIR EFFECTS ON BUILDINGS. bTAYLOR AND FRANCISc2008 a247 c859874d859874